000 00269nam a22001217a 4500
008 170817b xxu||||| |||| 00| 0 eng d
041 _aeng
080 _a51
100 _a36
101 _aMAT
245 _aTOPICS IN MODERN MATHEMATICS
_cSTANTON,R.G
942 _2udc
_cBK
999 _c23938
_d23938